| 000 | 00384nam a2200121 4500 | ||
|---|---|---|---|
| 999 |
_c11339 _d11339 |
||
| 008 | 181116b ||||| |||| 00| 0 eng d | ||
| 100 |
_932588 _aGiandomenico, Anthony |
||
| 245 |
_aStaying safe online for the holidays/ _cAnthony Giandomenico |
||
| 260 |
_aPhilippines _bPhilippine Daily Inquirer _cc2017 |
||
| 300 | _apage B2. | ||
| 650 | 0 |
_932589 _aInternet Marketing. |
|
| 942 |
_2ddc _cPER |
||